| 000 | 00730cam a2200229 a 4500 | ||
|---|---|---|---|
| 001 | 000006161 | ||
| 005 | 20200929151945.0 | ||
| 008 | 971231s1997 mx 001 p spa | ||
| 020 | _z9682900664 | ||
| 040 |
_aDO-SdBNP _cDLC |
||
| 082 |
_aM861.44 _bH967p |
||
| 100 | 1 |
_aHurtado, Eduardo. _917295 |
|
| 245 | 1 | 0 |
_aPuntos de mira / _cEduardo Hurtado. |
| 260 |
_aMéxico, D. F. : _bConsejo Nacional para la Cultura y las Artes, Dirección General de Publicaciones, _c1997. |
||
| 300 |
_a62 p. ; _c21 cm. |
||
| 490 | 1 | _aPráctica Mortal | |
| 650 | 4 |
_aPoesía mexicana _99120 |
|
| 650 | 4 |
_aLiteratura mexicana _91922 |
|
| 650 | 4 |
_aPoesía amorosa _99227 |
|
| 830 | 0 |
_aPráctica Mortal _914083 |
|
| 910 | _aCatalogación por copia / LC | ||
| 999 |
_c5957 _d5957 |
||